00724cam a2200193Ii 4500008004100000020002500041245012900066260003500195300006000230500002000290504004100310600005300351650004400404655003600448700001900484003000100503005001700504040000900521  a9783856763244 (hbk.)14aThe stones of Fernand Pouillon :ban alternative modernism in French architecture /cedited by Adam Caruso and Helen Thomas. aZurich :bGTA Verlag,c[2013]. a191 p. :bill. (some col.), facsimiles, plans ;c33 cm. aIncludes index. aIncludes bibliographical references.10aPouillon, FernandxCriticism and interpretation. 0aModern movement (Architecture)zFrance. 7aCriticism, interpretation, etc.1 aThomas, Helen.20230120131038.0 cNUST